<?xml version="1.0" encoding="UTF-8"?>
<record
    xmlns:xsi="http://www.w3.org/2001/XMLSchema-instance"
    xsi:schemaLocation="http://www.loc.gov/MARC21/slim http://www.loc.gov/standards/marcxml/schema/MARC21slim.xsd"
    xmlns="http://www.loc.gov/MARC21/slim">

  <leader>01638nam a2200205Ia 4500</leader>
  <controlfield tag="001">b7231-53488 </controlfield>
  <controlfield tag="003">IT-MiCISF</controlfield>
  <controlfield tag="008">161014s9999||||xx |||||||||||||| ||und||</controlfield>
  <datafield tag="040" ind1=" " ind2=" ">
    <subfield code="a">IT-MiCISF</subfield>
    <subfield code="c">IT-MiCISF</subfield>
  </datafield>
  <datafield tag="041" ind1=" " ind2=" ">
    <subfield code="a">it</subfield>
  </datafield>
  <datafield tag="100" ind1=" " ind2=" ">
    <subfield code="a">Malfer Luciano</subfield>
  </datafield>
  <datafield tag="245" ind1=" " ind2="0">
    <subfield code="a">Fattore4: uno slogan per la sostenibilit&#xE0; del welfare</subfield>
  </datafield>
  <datafield tag="250" ind1=" " ind2=" ">
    <subfield code="a">1a ed.</subfield>
  </datafield>
  <datafield tag="260" ind1=" " ind2=" ">
    <subfield code="a"> Milano</subfield>
    <subfield code="b">FrancoAngeli</subfield>
    <subfield code="c">2011</subfield>
  </datafield>
  <datafield tag="300" ind1=" " ind2=" ">
    <subfield code="a">pp. 186</subfield>
  </datafield>
  <datafield tag="500" ind1=" " ind2=" ">
    <subfield code="a"> / politica-familiare, politiche-sociali, welfare, teoria, territorio, progetto / Assistiamo oggi ad un processo di fragilizzazione della societ&#xE0;, ad una riduzione delle risorse finanziarie a disposizione dei governi locali e alle prospettive di un forte ridimensionamento del welfare con le conseguenze che ci&#xF2; comporter&#xE0;. Nell'ambito di questo scenario complesso e inquietante, il Fattore4 individua delle traiettorie lungo le quali possono orientarsi le nuove politiche di welfare capaci di accrescere la qualit&#xE0; della risposta rispetto al bisogno espresso dal cittadino e dunque l'efficacia dell'intervento, riducendo al contempo i costi dei servizi. La domanda che ci si pone &#xE8; se il Fattore4, che nasce e si sviluppa nel settore ambientale, pu&#xF2; essere riproposto anche nel sistema che regolamenta i servizi alla persona.  L'autore propone quindi in questo libro alcune esperienze di successo di politiche a Fattore4 sperimentate sia nel campo delle politiche socio-assistenziali che in quelle familiari, le cui parole chiave sono: governance , valutazione, ICT , sussidiariet&#xE0;, well being e responsabilit&#xE0; sociale.</subfield>
  </datafield>
  <datafield tag="650" ind1=" " ind2=" ">
    <subfield code="a">politica-familiare</subfield>
  </datafield>
  <datafield tag="942" ind1=" " ind2=" ">
    <subfield code="c">BK</subfield>
  </datafield>
  <datafield tag="957" ind1=" " ind2=" ">
    <subfield code="7">1</subfield>
  </datafield>
  <datafield tag="999" ind1=" " ind2=" ">
    <subfield code="a">53488</subfield>
    <subfield code="b">si</subfield>
    <subfield code="g">1</subfield>
    <subfield code="c">209732</subfield>
    <subfield code="d">209732</subfield>
  </datafield>
  <datafield tag="952" ind1=" " ind2=" ">
    <subfield code="0">0</subfield>
    <subfield code="1">0</subfield>
    <subfield code="4">0</subfield>
    <subfield code="6">B_723153488</subfield>
    <subfield code="7">1</subfield>
    <subfield code="a">CISF</subfield>
    <subfield code="b">CISF</subfield>
    <subfield code="d">2016-10-14</subfield>
    <subfield code="l">0</subfield>
    <subfield code="o">b7231-53488 </subfield>
    <subfield code="r">2016-10-14 00:00:00</subfield>
    <subfield code="w">2016-10-14</subfield>
    <subfield code="y">BK</subfield>
    <subfield code="z">Data import 15.10.2016 / by Epidotti, Vaglietti</subfield>
  </datafield>
</record>
